000 00633nam a2200193Ii 4500
003 JO-AjNU
008 230605s9999||||xx |||||||||||||| ||und||
040 _aJO-AjNU
_bara
_erda
_cJO-AjNU
041 _aara
050 1 4 _aRC339.L4M3288 1987
100 3 _aالنابلسي ، محمد احمد,
_eauthor
_915196
245 0 0 _aالامراض النفسية وعلاجها
264 3 1 _aلبنان:مركز الدراسات النفسية ، 1987
300 _a175ص
336 _atext
_btxt
_2rdacontent
337 _aunmediated
_bn
_2rdamedia
338 _avolume
_bnc
_2rdacarrier
650 4 _aالامراض النفسية
_915197
999 _aA4234
_c7802
_d7802